Logo BPK

Biblioteka

Politechniki Koszalińskiej

Novels 1930-1935 / (Rekord nr 47218)

Szczegóły MARC
000 -ETYKIETA REKORDU
podpole kontrolne o stałej długości 00917nam a2200289 i 4500
001 - NUMER KONTROLNY REKORDU
pole kontrolne bgj
020 ## - MIĘDZYNARODOWY ZNORMALIZOWANY NUMER KSIĄŻKI - ISBN
ISBN 0940450267 (hbk, jacket)
040 ## - ŹRÓDŁO KATALOGOWANIA
Instytucja, która utworzyła rekord BPK
041 0# - KOD JĘZYKA
Kod języka tekstu eng
920 ## - Międzynarodowy znormalizowany numer książki – ISBN
ISBN 0-940450-26-7 (hbk, jacket)
008 - POLE O STAŁEJ DŁUGOŚCI - DANE KONTROLNE
podpole kontrolne o stałej długości s uk f |000 0 eng
100 1# - NAZWA OSOBOWA
Nazwa osobowa FAULKNER, William
Daty związane z nazwą (1897-1962).
245 10 - TYTUŁ/ODPOWIEDZIALNOŚĆ
Tytuł Novels 1930-1935 /
Pozostałe elementy strefy tytułu i oznaczenia odpowiedzialności William Faulkner ; [edited by] Joseph Blotner and Noel Polk.
260 ## - STREFA ADRESU WYDAWNICZEGO
Miejsce wydania New York :
Nazwa wydawcy/dystrybutora Literary Classics of the United States,
Data publikacji, dystrybucji/powstania dokumentu c. 1985.
300 ## - STREFA OPISU FIZYCZNEGO
Objętość 1034 pp ;
Rozmiary 21 cm.
490 1# - STREFA SERII I DOKUMENTU WIELOCZĘŚCIOWEGO - FORMA NIE DO WYSZUKIWANIA
Tytuł i oznaczenie odpowiedzialności serii The Library of America ;
Numeracja w obrębie serii 25
501 ## - UWAGA DOTYCZĄCA PRAC WSPÓŁWYDANYCH
Tekst uwagi Contents: As I lay dying; Sanctuary; Light in August; Pylon.
650 #9 - HASŁO PRZEDMIOTOWE W FORMIE NAZWY OGÓLNEJ LUB JEDNOSTKOWEJ
Nazwa ogólna lub geograficzna American fiction
Określnik chronologiczny 20th century
700 1# - HASŁO DODATKOWE - NAZWA OSOBOWA
Nazwa osobowa BLOTNER, Joseph.
Określenie związku między hasłem a opisywanym materiałem ed.
700 1# - HASŁO DODATKOWE - NAZWA OSOBOWA
Nazwa osobowa POLK, Noel.
Określenie związku między hasłem a opisywanym materiałem ed.
740 02 - HASŁO DODATKOWE - TYTUŁ DOKUMENTU ZWIAZANEGO/TYTUŁ PRACY WSPÓŁWYDANEJ
Tytuł As I lay dying
740 02 - HASŁO DODATKOWE - TYTUŁ DOKUMENTU ZWIAZANEGO/TYTUŁ PRACY WSPÓŁWYDANEJ
Tytuł Sanctuary
740 02 - HASŁO DODATKOWE - TYTUŁ DOKUMENTU ZWIAZANEGO/TYTUŁ PRACY WSPÓŁWYDANEJ
Tytuł Light in August
740 02 - HASŁO DODATKOWE - TYTUŁ DOKUMENTU ZWIAZANEGO/TYTUŁ PRACY WSPÓŁWYDANEJ
Tytuł Pylon
830 ## - HASŁO DODATKOWE SERII LUB DOKUMENTU WIELOCZĘŚCIOWEGO - TYTUŁ UJEDNOLICONY
Tytuł ujednolicony The Library of America ;
856 ## - LOKALIZACJA I DOSTĘP DO ELEKTRONICZNYCH DOKUMENTÓW ZDALNYCH
Link (URL) http://koha.tu.koszalin.pl/cgi-bin/koha/opac-detail.pl?biblionumber=47218
Tekst linku Katalog online BPK
942 ## - DODATKOWE ELEMENTY (KOHA)
Typ dokumentu Książka
Egzemplarze
Wycofany Status egzemplarza Uszkodzony Dostępność Lokalizacja stała Lokalizacja bieżąca Miejsce przechowywania Sygnatura Kod kreskowy Typ dokumentu
      Dostępny Biblioteka Politechniki Koszalińskiej Biblioteka Politechniki Koszalińskiej Wypożyczalnia Językowa KA 2578 09015180 Książka
© 2023 Biblioteka Politechniki Koszalińskiej :: KOHA